Encyclopedia Brown carries on / (Record no. 1064)

MARC details
000 -LEADER
fixed length control field 00939pam a2200265 i 4500
005 - DATE AND TIME OF LATEST TRANSACTION
control field 20250714133904.0
020 ## - INTERNATIONAL STANDARD BOOK NUMBER
International Standard Book Number 9780590445757
040 ## - CATALOGING SOURCE
Original cataloging agency DLC
Transcribing agency DLC
Modifying agency DLC
Language of cataloging eng
050 00 - LIBRARY OF CONGRESS CALL NUMBER
Classification number PZ7.S68524
082 00 - DEWEY DECIMAL CLASSIFICATION NUMBER
Classification number 813.54
100 1# - MAIN ENTRY--PERSONAL NAME
Personal name Sobol, Donald J.
Dates associated with a name 1924-2012
245 10 - TITLE STATEMENT
Title Encyclopedia Brown carries on /
Statement of responsibility, etc. by Donald J. Sobol ; illustrated by Ib Ohlsson.
250 ## - EDITION STATEMENT
Edition statement First Scholastic printting, February 2007
260 ## - PUBLICATION, DISTRIBUTION, ETC.
Place of publication, distribution, etc. New York :
Name of publisher, distributor, etc. Scholastic,
Date of publication, distribution, etc. 1982
300 ## - PHYSICAL DESCRIPTION
Extent 72 pages :
Other physical details illustrations ;
Dimensions 20 cm
505 ## - FORMATTED CONTENTS NOTE
Formatted contents note N <br/>
520 ## - SUMMARY, ETC.
Summary, etc. Once again America's 10-year-old Sherlock Holmes in sneakers is called upon to help his police-chief father and the neighborhood children solve 10 mysteries.
521 ## - TARGET AUDIENCE NOTE
Target audience note 570 <br/>
Source Lexile <br/>
521 ## - TARGET AUDIENCE NOTE
Target audience note N <br/>
Source Raz-Plus <br/>
650 #1 - SUBJECT ADDED ENTRY--TOPICAL TERM
Topical term or geographic name entry element Mystery and detective stories.
700 1# - ADDED ENTRY--PERSONAL NAME
Personal name Ohlsson, Ib
Dates associated with a name 1935-
906 ## - LOCAL DATA ELEMENT F, LDF (RLIN)
a 7
b cbc
c orignew
d 1
e ocip
f 19
g y-gencatlg
942 ## - ADDED ENTRY ELEMENTS (KOHA)
Source of classification or shelving scheme Dewey Decimal Classification
Koha item type Books
Suppress in OPAC No
999 ## -
-- 1064
-- 1064
Holdings
Withdrawn status Lost status Source of classification or shelving scheme Damaged status Not for loan Collection Home library Current library Shelving location Date acquired Total Checkouts Full call number Barcode Date last seen Date last checked out Copy number Price effective from Koha item type
    Dewey Decimal Classification     Juvenile Fiction Footprints International School Library Network Toul Kork Campus Footprints International School Library Network Toul Kork Campus   07/19/2023 2 SOB 813.54 PZ7.S68524 FISBK00570 02/26/2024 02/05/2024 1 07/19/2023 Books
    Dewey Decimal Classification     Juvenile Fiction Footprints International School Library Network Toul Kork Campus Footprints International School Library Network Toul Kork Campus TK Primary Library Room(4th Floor), Bookcase 3&4, Shelves 17-32, Yellow Books 11/15/2023   SOB 813.54 PZ7.S68524 FISTK00385 11/15/2023   2 07/19/2023 Books
    Dewey Decimal Classification     Juvenile Fiction Footprints International School Library Network Toul Tom Poung Campus Footprints International School Library Network Toul Tom Poung Campus TTP Primary Yellow Bookshelves 07/14/2025   SOB 813.54 PZ7.S68524 FIS00563 07/14/2025   3 07/14/2025 Books